Война ярости. Кн. 2: Чужой (Запись № 10836400)

Подробности
000 -МАРКЕР
контрольное поле 01405nam2a2200253 i 4500
001 - ИДЕНТИФИКАТОР ЗАПИСИ
контрольное поле RU\NLR\BIBL_A\011274298
005 - ИДЕНТИФИКАТОР ВЕРСИИ
контрольное поле 20240729041118.0
010 ## - МЕЖДУНАРОДНЫЙ СТАНДАРТНЫЙ НОМЕР КНИГИ (ISBN)
Номер (ISBN) 9785170991211
Тираж 3500
021 ## - НОМЕР ГОСУДАРСТВЕННОЙ РЕГИСТРАЦИИ
Код страны Российская Федерация
Номер 2016-84512
Номер Листа государственной регистраци 5523
035 ## - ДРУГИЕ СИСТЕМНЫЕ НОМЕРА
Идентификатор записи (NLR Aleph) 011274298
100 ## - ДАННЫЕ ОБЩЕЙ ОБРАБОТКИ
Данные общей обработки 20161117g20169999u y0rusy50 ca
101 1# - ЯЗЫК РЕСУРСА
Язык текста, звукозаписи и т.д. русский
Язык оригинала английский
102 ## - СТРАНА ПУБЛИКАЦИИ ИЛИ ПРОИЗВОДСТВА
Страна публикации Российская Федерация
105 ## - ПОЛЕ КОДИРОВАННЫХ ДАННЫХ: ТЕКСТОВЫЕ МАТЕРИАЛЫ, МОНОГРАФИЧЕСКИЕ
Кодированные данные о монографическом текстовом документе y z 000ay
200 1# - ЗАГЛАВИЕ И СВЕДЕНИЯ ОБ ОТВЕТСТВЕННОСТИ
Основное заглавие Чужой
Наименование части Нашествие
Сведения, относящиеся к заглавию [фантастический роман
Первые сведения об ответственности пер. с англ. Олега Перфильева]
210 ## - ПУБЛИКАЦИЯ, РАСПРОСТРАНЕНИЕ И ДР.
Дата издания, распространения и т.д. 2016
215 ## - ФИЗИЧЕСКАЯ ХАРАКТЕРИСТИКА
Специфическое обозначение материала и объем 350, [1] с.
320 ## - ПРИМЕЧАНИЯ О НАЛИЧИИ В ДОКУМЕНТЕ БИБЛИОГРАФИИ / УКАЗАТЕЛЯ
Текст примечания Др. кн. авт. на 2-й с.
461 #0 - УРОВЕНЬ НАБОРА
Встроенное поле 001RU\NLR\BIBL_A\011118660
-- 2001#$aВойна ярости$eтрилогия$e[оригинальная история, базирующаяся на блокбастерах киностудии "Двадцатый век Фокс"]$fТим Леббон$g[пер. с англ. Эльги Ботнарь]$vКн. 2
-- 700#1$aЛеббон$bТ.$f1969-$gТим$3RU\NLR\AUTH\770158687
Системный номер (АБИС) связанной записи 11507565
Автор Леббон, Т. (1969-)
Место публикации Москва
Дата публикации 2016
Первые сведения об ответственности Тим Леббон
Имя издателя, распространителя и т.д. АСТ
Сведения, относящиеся к заглавию трилогия : [оригинальная история, базирующаяся на блокбастерах киностудии "Двадцатый век Фокс"]
Заглавие Война ярости
Номер тома Кн. 2
942 ## - ДОПОЛНИТЕЛЬНЫЕ ЭЛЕМЕНТЫ ЗАПИСИ (АБИС)
Тип экземпляра АБИС Книга
980 ## - КОЛЛЕКЦИЯ
Название коллекции НБР

Нет доступных экземпляров.